| 000 | 00376nam a2200157Ia 4500 | ||
|---|---|---|---|
| 008 | 230312s9999||||xx |||||||||||||| ||und|| | ||
| 020 | _a9788131708248 | ||
| 082 |
_a621.3815 _bIFE-D |
||
| 100 | _aIfeachor, Emmanuel C. | ||
| 245 | 0 | _aDigital Signal Processing | |
| 260 |
_bPearson Education _c2007 |
||
| 300 | _a933 | ||
| 546 | _aEng. | ||
| 650 | _aEngineering | ||
| 942 | _cBK | ||
| 999 |
_c4823 _d4823 |
||